| 000 | 00476nam a2200169Ia 4500 | ||
|---|---|---|---|
| 008 | 230917s9999||||xx |||||||||||||| ||und|| | ||
| 020 | _cRS 610.00 | ||
| 040 |
_e5002065 _aMAIN |
||
| 041 | _aEnglish | ||
| 082 | _a005.133 P171C | ||
| 100 | _aPal, Madhumangal | ||
| 245 | 0 | _aC programming: Including numerical and statistical methods | |
| 260 |
_aNew Delhi _bNarosa _c2019 |
||
| 300 | _axx, 609 p. | ||
| 500 | _a4635 03/12/2022 HBD23/9690 19/01/2023 Main Budget | ||
| 942 | _cBK | ||
| 999 |
_c6335 _d6335 |
||